| Registos Bibliográficos associados ao registo de autoridade |
|
Etiqueta de registo: 00000nam 2200025 450 001 2247329 003 http://id.bnportugal.gov.pt/bib/catbnp/2247329 010 ## $a9789725411346 021 ## $aPT$b551802/25 100 ## $a20260142d2025 m y0pory01030103ba 101 0# $apor 102 ## $aPT 105 ## $ayf z 000yy 106 ## $ar 200 1# $aErnâni Lopes - vida e pensamento$etextos escolhidos$fErnâni Lopes$gcoord. José Pena do Amaral... [et al.]$gfot. Ana Luisa Bolsa 210 #9 $aLisboa$cUniversidade Católica Editora,$dcop. 2025 215 ## $a447 p., [18] p.$cil.$d24 cm 225 2# $aVaria 675 ## $a929Lopes, Ernâni(042)$vBN$zpor$31982336 675 ## $a33(042)$vBN$zpor$31220504 675 ## $a33Lopes, Ernâni(042)$vBN$zpor$31504278 700 #1 $aLopes,$bErnâni,$f1942-2010$3163471 702 #1 $aBolsa,$bAna Luisa$4600$31978262 702 #1 $aAmaral,$bJosé Pena do$4340$31978260 801 #0 $aPT$bBN$gRPC 856 41 $uhttp://rnod.bnportugal.gov.pt/ImagesBN/winlibimg.aspx?skey=&doc=2247329&img=218473&save=true 900 ## $aBIBNAC$d20260210 966 ## $lBN$mFGMON$sH.G. 88840 V.$x1 966 ## $lBN$mFGMON$sH.G. 88840 V.-D$x1 971 ## $ccsilva$d20260114 972 ## $e0$z0$d20260210$vlrevez 973 ## $cigoulao$d20260129
Etiqueta de registo: 00000nam 2200025 450 001 2252545 003 http://id.bnportugal.gov.pt/bib/catbnp/2252545 010 ## $a9789725411490 021 ## $aPT$b553897/25 100 ## $a20260122d2025 m y0pory01030103ba 101 0# $apor 102 ## $aPT 105 ## $ayf z 000yd 106 ## $ar 200 1# $aErnâni Lopes, vida e pensamento$etextos escolhidos$fErnâni Lopes$gcoord. José Pena do Amaral... [et al.]$gfot. Ana Luisa Bolsa 205 ## $a2ª ed 210 #9 $aLisboa$cUCP - Universidade Católica Editora,$d2025 215 ## $a447 p., [16] p. il.$cil.$d24 cm 225 2# $aVaria 675 ## $a929Lopes, Ernâni(042)$vBN$zpor$31982336 675 ## $a33Lopes, Ernâni(042)$vBN$zpor$31504278 675 ## $a33(042)$vBN$zpor$31220504 700 #1 $aLopes,$bErnâni,$f1942-2010$3163471 702 #1 $aBolsa,$bAna Luisa$4600$31978262 702 #1 $aAmaral,$bJosé Pena do$4340$31978260 801 #0 $aPT$bBN$gRPC 856 41 $uhttp://rnod.bnportugal.gov.pt/ImagesBN/winlibimg.aspx?skey=&doc=2252545&img=218511&save=true 900 ## $aBIBNAC$d20260209 966 ## $lBN$mFGMON$sH.G. 88847 V.$x1 966 ## $lBN$mFGMON$sH.G. 88847 V.-D$x1 971 ## $corlando$d20260122 972 ## $e0$z0$d20260209$vasantos 973 ## $cigoulao$d20260130
|
|
|